Sports Quiz

Random Sports Quiz

Highest paid athletes Quiz Stats

 Plays Quiz not verified by Sporcle

Score 0/10 Timer 03:00
0 Plays Today
Sport Athlete % Correct
GolfTiger Woods
97.5%
BasketballLebron James
92.6%
Basketball Kobe Bryant
78.7%
GolfPhil Mickelson
64.8%
SoccerDavid Beckham
56.6%
Baseball Alex Rodriguez
54.1%
BoxingManny Pacquiao
31.1%
Motorcycle racerValentino Rossi
11.5%
RacingFernando Alonso
6.6%
NASCAR Dale Earnhardt Jr
5.7%

You're not logged in!

Compare scores with friends on all Sporcle quizzes.
OR
Log In

Show Comments

Extras

Top Quizzes Today


Score Distribution

Your Account Isn't Verified!

In order to create a playlist on Sporcle, you need to verify the email address you used during registration. Go to your Sporcle Settings to finish the process.

Report this User

Report this user for behavior that violates our Community Guidelines.

Details: